000 00373nam a2200109Ia 4500
008 210430s9999 xx 000 0 und d
020 _a90-5699-696-7
082 _a662.623 K 22 C
100 _aS. Komar Kawatra and Timothy C. Eisele
_953921
245 _aCoal Desulfurization High- Efficiency Preparation Methods
_cS. Komar Kawatra and Timothy C. Eisele
942 _cBK
_2ddc
999 _c564301
_d564301